Dynasties des Empereurs Byzantins - Statistiques

Statistiques générales
  • Ce quiz a été pris 142 fois
    8 depuis la dernière actualisation
  • Le résultat moyen est 9 sur 17
Statistiques - réponses
Hint Réponse % Correct
1059-1081 Doukas
100%
1057-1059 Comnènes
88%
1081-1185 Comnènes
88%
1261-1453 Paléologues
88%
364-378 Valentiniens
75%
1185-1204 Anges
63%
306-364 Constantiniens
63%
518-610 Justiniens
63%
867-1057 Macédoniens
63%
717-802 Isauriens
50%
813-820 Arméniens
38%
610-695 Héraclides
38%
820-867 Amoriens (ou Phrygiens)
25%
1204-1261 Lascaris
25%
802-813 Nicéphoriens
25%
379-457 Théodosiens
25%
457-518 Thraces (ou Léontins)
25%
Aucun quiz correspondant
Distribution des résultats
% des personnes avec chaque résultat
Percentile par nombre de réponses
Votre historique - résultats
Vous n’avez pas pris ce quiz depuis la dernière actualisation